Operaciones matemáticas : (Record no. 22470)

000 -CABECERA
fixed length control field 01022nam a22002177a 4500
003 - IDENTIFICADOR DEL NÚMERO DE CONTROL
control field AR-CdUCM
008 - DATOS DE LONGITUD FIJA--INFORMACIÓN GENERAL
fixed length control field 190319b ||||| |||| 00| 0 spa d
020 ## - NÚMERO INTERNACIONAL ESTÁNDAR DEL LIBRO
ISBN 9786123072018
040 ## - FUENTE DE LA CATALOGACIÓN
Agencia/entidad que catalogó originalmente la obra MUNICIPALIDAD PROVINCIAL DEL CUSCO
Entidad que transcribió la catalogación BIBLIOTECA MUNICIPAL DEL CUSCO
082 ## - NÚMERO DE LA CLASIFICACIÓN DECIMAL DEWEY
No. de Clasificación 511.3076/A77
Notacion interna A77
No. de la edición 1a ed., 3a reimpr.
100 ## - ENTRADA PRINCIPAL--NOMBRE DE PERSONA
Nombre Personal Arroyo Castillo, Christian
245 ## - MENCIÓN DE TÍTULO
Título Operaciones matemáticas :
Resto del título teoría y práctica /
Mención de responsabilidad Christian Arroyo Castillo
260 ## - PUBLICACIÓN, DISTRIBUCIÓN, ETC.
Lugar de publicación, distribución, etc. Lima :
Nombre de la editorial, distribuidor, etc. Asociación Fondo de Investigadores y Editores : Lumbreras Editores,
Fecha de publicación, distribución, etc. 2019.
300 ## - DESCRIPCIÓN FÍSICA
Nº de Páginas Extensión 156, [2] páginas. :
Otros detalles físicos ilustraciones ;
Dimensiones 22 cm.
500 ## - NOTA GENERAL
Bibliografía Bibliografía: p. [158]
650 ## - PUNTO DE ACCESO ADICIONAL DE MATERIA--TÉRMINO DE MATERIA
Descriptor Razonamiento matemático
9 (RLIN) 28156
650 ## - PUNTO DE ACCESO ADICIONAL DE MATERIA--TÉRMINO DE MATERIA
Descriptor Problemas, ejercicios, etc.
9 (RLIN) 25134
710 ## - PUNTO DE ACCESO ADICIONAL--NOMBRE DE ENTIDAD CORPORATIVA
Nombre corporativo (En letras Mayúsculas) Asociación Fondo de Investigadores y Editores (Lima)
9 (RLIN) 42354
942 ## - ELEMENTOS DE PUNTO DE ACCESO ADICIONAL (KOHA)
Fuente de clasificación
Tipo de item Libros-BMC
945 ## - PROCESAMIENTO DE INFORMACIÓN LOCAL (OCLC)
Catalogador rac
Holdings
Estado de retiro (separado) Fuente de clasificación o esquema de estanterías Estado dañado Ubicación Sala donde se ubica Nombre de la colección Fecha de adquisición o compra Fuente de adquisición Signatura topográfica Código de Barras Última vez visto (Koha) Tipo de ítem (Koha)
No     Sala Ciencias Sala Ciencias Book Cart 2022-08-29 Donación 511.3076/A77/2019 SC0000002347 2022-08-29 Libros-BMC
No     Sala Ciencias Sala Ciencias Book Cart 2022-08-29 Donación 511.3076/A77/2019/e.2 SC0000002348 2022-08-29 Libros-BMC

Powered by Koha